| 000 | 00000nas 2200000za 4500 |
| 001 | 9.809296 |
| 003 | CaOODSP |
| 005 | 20221107140610 |
| 007 | cr ||||||||||| |
| 008 | 160118d19622007oncmr p oss f000#a0eng|d |
| 022 | |y1181-6759 |
| 040 | |aCaOODSP|beng |
| 041 | |aeng|afre |
| 043 | |an-cn--- |
| 086 | 1 |aCS65-007-PDF |
| 245 | 00|aImports by commodity |h[electronic resource] = |bImportations par marchandise. |
| 246 | 11|aImportations par marchandise |
| 246 | 13|aImports by commodities |
| 246 | 13|aImports by commodity (H.S. based) |
| 246 | 13|aImportations par marchandise (base du S.H.) |
| 246 | 10|aImportations par marchandises |
| 246 | 10|aImportations par marchandise |
| 260 | |a[Ottawa] : |bDominion Bureau of Statistics : |bStatistics Canada, |c1962-2008. |
| 310 | |aMonthly |
| 362 | 0 |aVol. 19, no. 1 (Jan. 1962)-v. 64, no. 12 (Dec. 2007). |
| 490 | 0 |aTrade of Canada |
| 500 | |aDigitized edition from print [produced by Statistics Canada]. |
| 546 | |aText in English only, Jan. 1962-Dec. 1965; text in English and French, Jan. 1966-Dec. 2007. |
| 692 | 07|2gccst|aTrade |
| 710 | 1 |aCanada.|bStatistics Canada.|bExternal Trade Division. |
| 710 | 1 |aCanada.|bStatistics Canada.|bInternational Trade Division. |
| 710 | 1 |aCanada.|bDominion Bureau of Statistics.|bExternal Trade Division. |
| 776 | 0#|tImports by commodity = |w(CaOODSP)9.508294 |
| 780 | 00|tImports |w(CaOODSP)9.809295 |
| 792 | |tImports by commodity |efre|w(CaOODSP)9.809299 |